Basic Statistics (Record no. 1221781)

MARC details
000 -LEADER
fixed length control field 00416nam a2200169Ia 4500
008 - FIXED-LENGTH DATA ELEMENTS--GENERAL INFORMATION
fixed length control field 260520s2025 xx 000 0 und d
020 ## - INTERNATIONAL STANDARD BOOK NUMBER
International Standard Book Number 978-93-95161-96-1
041 ## - LANGUAGE CODE
Language code of text/sound track or separate title eng
082 ## - DEWEY DECIMAL CLASSIFICATION NUMBER
Classification number 519.5/AGA
100 ## - MAIN ENTRY--PERSONAL NAME
Personal name Agarwal ,B.L.
245 ## - TITLE STATEMENT
Title Basic Statistics
250 ## - EDITION STATEMENT
Edition statement 8th ed
260 ## - PUBLICATION, DISTRIBUTION, ETC.
Place of publication, distribution, etc. New Delhi
Name of publisher, distributor, etc. New Age International Pub
Date of publication, distribution, etc. 2025
300 ## - PHYSICAL DESCRIPTION
Extent 828p.
500 ## - GENERAL NOTE
General note Cat No: 14975
650 ## - SUBJECT ADDED ENTRY--TOPICAL TERM
Topical term or geographic name entry element STATISTICS
Holdings
Withdrawn status Lost status Damaged status Not for loan Collection Home library Current library Shelving location Date acquired Source of acquisition Cost, normal purchase price Total Checkouts Full call number Barcode Date last seen Price effective from Koha item type Public note
          Dr.Patangrao Kadam Mahavidyalaya, Sangli Dr.Patangrao Kadam Mahavidyalaya, Sangli   06/04/2026 Bharati Madhyavarti Sahakari Grahak Bhandar, Pune (Best Book Supplier, Kolhapur) 650.00   519.5/AGA PKS-25153 20/05/2026 20/05/2026 Book General book section